| 000 | 00694nam a2200217Ia 4500 | ||
|---|---|---|---|
| 003 | OSt | ||
| 005 | 20250828115525.0 | ||
| 008 | 241004s9999 xx 000 0 und d | ||
| 020 | _a9781544579159 | ||
| 037 | _aTextbook | ||
| 040 |
_aARTS _beng _cARTS |
||
| 041 |
_aeng _2eng |
||
| 084 |
_aW:(4).73 R1 _qARTS |
||
| 100 |
_aWagner Michael W. Au.; Perryman Mallpry R. Au. _9724692 |
||
| 245 |
_aMediated democracy politics, the news, and citizenship in the 21st century _cWagner Michael W. Au.; Perryman Mallpry R. Au. |
||
| 260 |
_aUSA _bCallifornia Sage _c2021 |
||
| 300 | _axvii,326p. | ||
| 365 |
_aUSD _b60 |
||
| 942 |
_cTB _hW:(4).73 R1 _2CC _n0 |
||
| 999 |
_c1218843 _d1218843 |
||